Costa Rica, América Central, 1922
Zapisane w:
| 1. autor: | |
|---|---|
| Format: | Książka |
| Język: | Spanish |
| Wydane: |
San José, Costa Rica
Ministerio de Cultura, Juventud y Deportes
1997
|
| Hasła przedmiotowe: | |
| Etykiety: |
Dodaj etykietę
Nie ma etykietki, Dołącz pierwszą etykiete!
|
MARC
| LEADER | 00000nam a2200000Ia 4500 | ||
|---|---|---|---|
| 008 | 170316s9999 xx 000 0 spa d | ||
| 040 | |a cru BVZT | ||
| 090 | |a H-868 G-1c | ||
| 100 | |a Gómez Miralles, Manuel | ||
| 245 | |a Costa Rica, América Central, 1922 | ||
| 260 | |a San José, Costa Rica | ||
| 260 | |b Ministerio de Cultura, Juventud y Deportes | ||
| 260 | |c 1997 | ||
| 300 | |a 206 páginas | ||
| 650 | |a LITERATURA COSTARRICENSE | ||
| 942 | |c 15 D | ||
| 999 | |c 13689 |d 13689 | ||
